Modification of the Titanium Surface Layer by the Yttrium; Advanced Materials Research; Vol. 1085 : Prospects of Fundamental Sciences Development (PFSD-2014)
| Parent link: | Advanced Materials Research: Scientific Journal Vol. 1085 : Prospects of Fundamental Sciences Development (PFSD-2014).— 2015.— [P. 63-67] |
|---|---|
| Autor corporatiu: | |
| Altres autors: | , , , , , , |
| Sumari: | Title screen Modification of a titanium surface layer with yttrium using the combined technique of electroexplosive doping and the subsequent irradiation by a high-intensity electron beam is carried out. The studies on the structure, the element and the phase composition, mechanical and tribological properties of the doped layer are carried out. Formation of a multiphase submicron-nanocrystalline eutectic is revealed. A multifold increase in the microhardness, a decrease in the friction coefficient and the wear rate of the modified layer is established. Режим доступа: по договору с организацией-держателем ресурса |
| Idioma: | anglès |
| Publicat: |
2015
|
| Col·lecció: | Chemistry and Physics of Materials, Environmental Materials |
| Matèries: | |
| Accés en línia: | http://dx.doi.org/10.4028/www.scientific.net/AMR.1085.63 |
| Format: | MixedMaterials Electrònic Capítol de llibre |
| KOHA link: | https://koha.lib.tpu.ru/cgi-bin/koha/opac-detail.pl?biblionumber=641166 |
MARC
| LEADER | 00000nla2a2200000 4500 | ||
|---|---|---|---|
| 001 | 641166 | ||
| 005 | 20251124152835.0 | ||
| 035 | |a (RuTPU)RU\TPU\network\6050 | ||
| 035 | |a RU\TPU\network\6046 | ||
| 090 | |a 641166 | ||
| 100 | |a 20150512a2015 k y0engy50 ba | ||
| 101 | 0 | |a eng | |
| 102 | |a US | ||
| 105 | |a y z 100zy | ||
| 135 | |a drcn ---uucaa | ||
| 181 | 0 | |a i | |
| 182 | 0 | |a b | |
| 200 | 1 | |a Modification of the Titanium Surface Layer by the Yttrium |f Yu. F. Ivanov [et al.] | |
| 203 | |a Text |c electronic | ||
| 225 | 1 | |a Chemistry and Physics of Materials, Environmental Materials | |
| 300 | |a Title screen | ||
| 330 | |a Modification of a titanium surface layer with yttrium using the combined technique of electroexplosive doping and the subsequent irradiation by a high-intensity electron beam is carried out. The studies on the structure, the element and the phase composition, mechanical and tribological properties of the doped layer are carried out. Formation of a multiphase submicron-nanocrystalline eutectic is revealed. A multifold increase in the microhardness, a decrease in the friction coefficient and the wear rate of the modified layer is established. | ||
| 333 | |a Режим доступа: по договору с организацией-держателем ресурса | ||
| 461 | 0 | |0 (RuTPU)RU\TPU\network\4598 |t Advanced Materials Research |o Scientific Journal | |
| 463 | 0 | |0 (RuTPU)RU\TPU\network\4656 |t Vol. 1085 : Prospects of Fundamental Sciences Development (PFSD-2014) |o The XIth International Conference, April 22-25, 2014, Tomsk, Russia |o [proceedings] |v [P. 63-67] |d 2015 | |
| 610 | 1 | |a электронный ресурс | |
| 610 | 1 | |a труды учёных ТПУ | |
| 610 | 1 | |a импульсные пучки | |
| 610 | 1 | |a электронные пучки | |
| 610 | 1 | |a поверхности | |
| 610 | 1 | |a сплавы | |
| 610 | 1 | |a титан | |
| 701 | 1 | |a Ivanov |b Yu. F. |c physicist |c Professor of Tomsk Polytechnic University, Doctor of physical and mathematical sciences |f 1955- |g Yuriy Fedorovich |3 (RuTPU)RU\TPU\pers\33559 | |
| 701 | 1 | |a Popova |b N. | |
| 701 | 1 | |a Kalashnikov |b M. | |
| 701 | 1 | |a Gromov |b V. | |
| 701 | 1 | |a Budovskih |b E. | |
| 701 | 1 | |a Teresov |b A. | |
| 701 | 1 | |a Nikonenko |b E. | |
| 712 | 0 | 2 | |a Национальный исследовательский Томский политехнический университет |c (2009- ) |9 26305 |
| 801 | 2 | |a RU |b 63413507 |c 20161228 |g RCR | |
| 856 | 4 | |u http://dx.doi.org/10.4028/www.scientific.net/AMR.1085.63 | |
| 942 | |c CF | ||